[Event "C.to Italiano U16"]
[Site "San Nicola Arcella ITA"]
[Date "2004.07.08"]
[Round "7"]
[White "Lettieri, Giuseppe"]
[Black "Fossati, Remigio"]
[Result "1-0"]
[WhiteElo "2144"]
[BlackElo "2104"]
[PlyCount "189"]
[EventDate "2004.07.04"]

1. e4 c5 2. Nf3 d6 3. c3 Nf6 4. Be2 Bd7 5. d3 Nc6 6. O-O g6 7. Nbd2 e5 8. Re1
Bg7 9. Bf1 O-O 10. Nc4 Qe7 11. d4 Rad8 12. Bg5 b5 13. Nxd6 Qxd6 14. dxe5 Qxd1
15. Raxd1 Nxe5 16. Nxe5 Be6 17. Rxd8 Rxd8 18. Bxb5 Bxa2 19. Nc6 Re8 20. Bxf6
Bxf6 21. Ra1 Bb3 22. f3 Re6 23. Rxa7 Rd6 24. f4 h5 25. e5 Rd1+ 26. Kf2 Bg7 27.
Ne7+ Kh7 28. Rd7 Rc1 29. Bd3 Be6 30. Rc7 Rd1 31. Ke3 Re1+ 32. Kd2 Rh1 33. Rxc5
Rxh2 34. f5 Rxg2+ 35. Ke3 gxf5 36. Rb5 h4 37. Nxf5 Bxf5 38. Bxf5+ Kg8 39. e6
fxe6 40. Bxe6+ Kf8 41. Kf3 Rg3+ 42. Kf2 Ke7 43. Bd5 Bxc3 44. bxc3 Rxc3 45. Be4
Kd6 46. Rh5 h3 47. Bf5 Ra3 48. Bxh3 Rc3 49. Bf1 Ra3 50. Be2 Rc3 51. Ke1 Ra3 52.
Kd2 Rg3 53. Bd3 Rg4 54. Ke3 Rb4 55. Ra5 Ke6 56. Be4 Kd6 57. Rd5+ Ke6 58. Kf4
Ra4 59. Rc5 Rd4 60. Rc6+ Rd6 61. Bf5+ Ke7 62. Rc7+ Kf6 63. Rh7 Rd4+ 64. Be4 Rb4
65. Rh6+ Kg7 66. Rd6 Kf7 67. Ke5 Ke7 68. Ra6 Kd7 69. Ra7+ Kc8 70. Bc6 Rh4 71.
Kd6 Rh6+ 72. Kc5 Rh2 73. Kb6 Rb2+ 74. Bb5 Kd8 75. Rd7+ Kc8 76. Re7 Rd2 77. Bc6
Rb2+ 78. Bb5 Rd2 79. Re8+ Rd8 80. Re5 Rd2 81. Bc6 Rb2+ 82. Kc5 Rc2+ 83. Kd6
Rd2+ 84. Bd5 Kb8 85. Re7 Rd1 86. Rb7+ Kc8 87. Rc7+ Kb8 88. Rc5 Rg1 89. Rb5+ Ka7
90. Rb2 Rg6+ 91. Kc5 Rg5 92. Rb7+ Ka6 93. Rb8 Rg7 94. Rb3 Rc7+ 95. Bc6 1-0

[Event "C.to Italiano U16"]
[Site "San Nicola Arcella ITA"]
[Date "2004.07.08"]
[Round "7"]
[White "Lombardi, Ottavio"]
[Black "Cassol, Michele"]
[Result "1-0"]
[WhiteElo "1529"]
[BlackElo "1712"]
[PlyCount "24"]
[EventDate "2004.07.04"]

1. d4 Nf6 2. c4 g6 3. Nc3 Bg7 4. e4 d6 5. Nf3 O-O 6. Be2 Nbd7 7. O-O c5 8. d5
Ng4 9. Ne1 Nde5 10. f4 Nxc4 11. Bxg4 Qb6 12. Bxc8 12... Raxc8 {...} 1-0

[Event "C.to Italiano U16"]
[Site "San Nicola Arcella ITA"]
[Date "2004.07.08"]
[Round "7"]
[White "Macri', Pasquale"]
[Black "Pilurzu, Stefano"]
[Result "1-0"]
[WhiteElo "1410"]
[BlackElo "1479"]
[PlyCount "61"]
[EventDate "2004.07.04"]

1. e4 c5 2. Nf3 d6 3. d4 cxd4 4. Nxd4 Nf6 5. Nc3 g6 6. Bc4 Bg7 7. Nd5 Nxe4 8.
Bb5+ Nd7 9. Qf3 Bxd4 10. Qxe4 Bg7 11. Bg5 O-O 12. Bxe7 Re8 13. O-O Nc5 14. Bxe8
Bf5 15. Bxd8 Nxe4 16. Ne7+ Kf8 17. Nxf5 Rxd8 18. Nxg7 Kxg7 19. Ba4 Rc8 20. Rfe1
Nc5 21. Re8 Rc7 22. b3 Nxa4 23. bxa4 Rxc2 24. g3 Rc4 25. Rae1 Rxa4 26. R8e7
Rxa2 27. Rxb7 a5 28. Ree7 h5 29. Rxf7+ Kh6 30. f4 g5 31. Rf6# 1-0

[Event "C.to Italiano U16"]
[Site "San Nicola Arcella ITA"]
[Date "2004.07.08"]
[Round "7"]
[White "Masi, Valerio"]
[Black "Basso, Marco"]
[Result "1/2-1/2"]
[WhiteElo "1580"]
[BlackElo "1503"]
[PlyCount "31"]
[EventDate "2004.07.04"]

1. e4 c5 2. Bc4 e6 3. Nf3 Nc6 4. d3 Nf6 5. h3 d5 6. exd5 Nxd5 7. O-O Be7 8.
Bxd5 Qxd5 9. Nc3 Qd8 10. Bf4 Bf6 11. Rb1 O-O 12. Nb5 Bd7 13. Bc7 Qc8 14. Bd6
Be7 15. Bxe7 Nxe7 16. Nd6 1/2-1/2

[Event "C.to Italiano U16"]
[Site "San Nicola Arcella ITA"]
[Date "2004.07.08"]
[Round "7"]
[White "Mora, Lorenzo"]
[Black "Polilli, Andrea"]
[Result "1-0"]
[WhiteElo "1844"]
[BlackElo "1679"]
[PlyCount "83"]
[EventDate "2004.07.04"]

1. d4 Nf6 2. c4 c5 3. d5 b5 4. cxb5 a6 5. bxa6 Bxa6 6. g3 d6 7. Nc3 g6 8. Bg2
Bg7 9. Nf3 O-O 10. O-O Nbd7 11. Re1 Ne8 12. e4 Ne5 13. Nxe5 Bxe5 14. f4 Bd4+
15. Be3 e5 16. dxe6 Bxe3+ 17. Rxe3 fxe6 18. e5 Rb8 19. exd6 Nxd6 20. Rxe6 Rf6
21. Qd5 Kf8 22. Rd1 Rb6 23. Ne4 Rxe6 24. Qxe6 Ne8 25. Rxd8 Rxe6 26. Nxc5 Re1+
27. Kf2 Re2+ 28. Kf3 Bb5 29. a4 Rxb2 30. axb5 Rxb5 31. Ne4 Rb3+ 32. Kg4 Ke7 33.
Rd7+ Kf8 34. Rxh7 Re3 35. Rh8+ Kf7 36. Ng5+ Ke7 37. Rh7+ Kd8 38. Nf7+ Kc8 39.
Rh8 Kd7 40. Ne5+ Ke7 41. Nxg6+ Kf6 42. Ne5 1-0

[Event "C.to Italiano U16"]
[Site "San Nicola Arcella ITA"]
[Date "2004.07.08"]
[Round "7"]
[White "Paladino, Giovanni"]
[Black "Ferrante, Marco"]
[Result "0-1"]
[WhiteElo "1715"]
[BlackElo "2074"]
[PlyCount "62"]
[EventDate "2004.07.04"]

1. e4 e6 2. d4 d5 3. exd5 exd5 4. Bd3 Bd6 5. Nf3 Ne7 6. O-O Bg4 7. c3 c6 8. Re1
Qc7 9. h3 Bh5 10. Nbd2 Nd7 11. b4 a5 12. Qb3 a4 13. Qc2 b5 14. Nh4 O-O-O 15.
Nf5 Nxf5 16. Bxf5 Kb7 17. Bxd7 Qxd7 18. Nf1 g5 19. Ne3 Bg6 20. Qe2 f5 21. Qf3
Qf7 22. Bd2 h5 23. Nxd5 g4 24. Qd3 Qxd5 25. Bg5 gxh3 26. Qxh3 Rde8 27. Bf6 Rhf8
28. Qh4 Re6 29. Bg7 Rfe8 30. Rxe6 Qxe6 31. f4 Qe3+ 0-1

[Event "C.to Italiano U16"]
[Site "San Nicola Arcella ITA"]
[Date "2004.07.08"]
[Round "7"]
[White "Ricca, Giorgio"]
[Black "Nardi, Marco"]
[Result "0-1"]
[WhiteElo "1793"]
[BlackElo "1888"]
[PlyCount "92"]
[EventDate "2004.07.04"]

1. e4 c5 2. Nc3 Nc6 3. g3 g6 4. Bg2 Bg7 5. d3 d6 6. f4 e6 7. Nf3 Nge7 8. Be3
Nd4 9. Rb1 Rb8 10. O-O b5 11. Ne2 Nxe2+ 12. Qxe2 b4 13. a3 Qc7 14. d4 c4 15.
axb4 Rxb4 16. c3 Rb8 17. d5 exd5 18. exd5 Bf5 19. Ra1 Bd3 20. Qd2 Bxf1 21. Bxf1
a5 22. Bd4 O-O 23. Bxg7 Kxg7 24. Qd4+ Kg8 25. Qxc4 Qb6+ 26. Nd4 Qxb2 27. Ra2
Qc1 28. Re2 Rfc8 29. Nc6 Nf5 30. Qa6 Ra8 31. Qd3 a4 32. g4 Ng7 33. Ne7+ Kf8 34.
Nxc8 Rxc8 35. Qe4 Re8 36. Qc2 Qxf4 37. Rxe8+ Nxe8 38. h3 Nf6 39. c4 Qe3+ 40.
Kh2 Qf4+ 41. Kg1 a3 42. Bg2 Qd4+ 43. Kh2 Qb2 44. Qa4 a2 45. Qa8+ Kg7 46. g5 Nh5
0-1

[Event "C.to Italiano U16"]
[Site "San Nicola Arcella ITA"]
[Date "2004.07.08"]
[Round "7"]
[White "Rombaldoni, Denis"]
[Black "Ronchetti, Niccolo'"]
[Result "1-0"]
[WhiteElo "2224"]
[BlackElo "2216"]
[PlyCount "59"]
[EventDate "2004.07.04"]

1. d4 Nf6 2. c4 c6 3. Nf3 d5 4. g3 dxc4 5. Bg2 g6 6. O-O Bg7 7. Nc3 O-O 8. a4
Na6 9. e4 Nb4 10. Qe2 Be6 11. Be3 h6 12. Ne5 Nd7 13. Nxc4 Bxc4 14. Qxc4 Nc2 15.
Rad1 Nxe3 16. fxe3 e5 17. d5 Qb6 18. dxc6 Qxe3+ 19. Kh1 Nb6 20. Qb3 Qc5 21. a5
Qxa5 22. c7 Rac8 23. Nb5 a6 24. Bh3 Qxb5 25. Qxb5 axb5 26. Bxc8 Nxc8 27. Rd8
Nb6 28. Rfd1 Bf6 29. Rxf8+ Kxf8 30. Rd6 1-0

[Event "C.to Italiano U16"]
[Site "San Nicola Arcella ITA"]
[Date "2004.07.08"]
[Round "7"]
[White "Ronchi, Matteo"]
[Black "Perico', Alessandro"]
[Result "0-1"]
[WhiteElo "1467"]
[BlackElo "1685"]
[PlyCount "68"]
[EventDate "2004.07.04"]

1. e4 e6 2. d4 d5 3. e5 c5 4. c3 Qb6 5. Nf3 Nc6 6. Be2 Nh6 7. O-O cxd4 8. cxd4
Nf5 9. b3 Nfxd4 10. Nxd4 Nxd4 11. Be3 Nxe2+ 12. Qxe2 Qc7 13. Rc1 Qxe5 14. f4
Qf6 15. Qb5+ Bd7 16. Qxb7 Rd8 17. Nc3 Ba3 18. Rc2 Rc8 19. Bd2 Qd4+ 20. Kf1 Qd3+
21. Ke1 Qxc2 22. Nb5 Bxb5 23. Qxb5+ Qc6 24. Qa5 Bb2 25. Rb1 Bc3 26. Qxa7 Bxd2+
27. Kxd2 Qc2+ 28. Ke3 Rc3+ 29. Kd4 Qf2+ 30. Kxc3 Qxa7 31. Kb2 Qd4+ 32. Ka3 O-O
33. b4 Ra8+ 34. Kb3 Qd3+ 0-1

[Event "C.to Italiano U16"]
[Site "San Nicola Arcella ITA"]
[Date "2004.07.08"]
[Round "7"]
[White "Salafia, Andrea"]
[Black "Leo, Antonello"]
[Result "0-1"]
[WhiteElo "1679"]
[BlackElo "1700"]
[PlyCount "122"]
[EventDate "2004.07.04"]

1. d4 Nf6 2. c4 e5 3. d5 Bc5 4. Bg5 d6 5. Nc3 Bxf2+ 6. Kxf2 Ng4+ 7. Ke1 Qxg5 8.
e4 Nxh2 9. Qd3 Nxf1 10. Kxf1 Nd7 11. Nf3 Qg6 12. Nh4 Qf6+ 13. Ke2 Nc5 14. Qg3
g6 15. Raf1 Qe7 16. Nf3 f5 17. Nh4 f4 18. Qf2 Bg4+ 19. Kd2 Qg7 20. b4 Na6 21.
Na4 g5 22. Nf3 Qg6 23. b5 Nb8 24. Kd3 a6 25. b6 c6 26. dxc6 Nxc6 27. Nc3 Nb4+
28. Kd2 Be6 29. a3 Nc6 30. Nd5 Bxd5 31. cxd5 Ne7 32. Qe2 Rc8 33. Rc1 Kf7 34.
Rc7 Rxc7 35. bxc7 Rc8 36. Rxh7+ Ke8 37. Rh8+ Kd7 38. Rxc8 Kxc8 39. Qc4 Ng8 40.
Ke2 Qg7 41. Kd3 g4 42. Nh2 Nf6 43. Nf1 Qxc7 44. Qxc7+ Kxc7 45. g3 b5 46. gxf4
exf4 47. Nh2 f3 48. Ke3 a5 49. Nxg4 Nxg4+ 50. Kxf3 Ne5+ 51. Ke2 Kb6 52. Kd2 Kc5
53. Kc3 b4+ 54. axb4+ axb4+ 55. Kb3 Kb5 56. Kc2 Kc4 57. Kb2 b3 58. Kb1 Kc3 59.
Kc1 b2+ 60. Kb1 Ng6 61. e5 Nxe5 0-1

[Event "C.to Italiano U16"]
[Site "San Nicola Arcella ITA"]
[Date "2004.07.08"]
[Round "7"]
[White "Salsano, Dario"]
[Black "Navarro, Tommaso"]
[Result "0-1"]
[WhiteElo "1613"]
[BlackElo "1694"]
[PlyCount "63"]
[EventDate "2004.07.04"]

1. e4 e5 2. Nf3 Nc6 3. Bb5 a6 4. Bxc6 dxc6 5. O-O Bd6 6. d4 exd4 7. Qxd4 f6 8.
Be3 Be6 9. Nc3 Ne7 10. Rad1 Ng6 11. Rfe1 Qe7 12. a3 O-O 13. Qd2 Rad8 14. Qe2
Qf7 15. Nd2 Ne5 16. f4 Ng4 17. h3 Nxe3 18. Qxe3 Rd7 19. f5 Bc4 20. b3 Qe7 21.
Kh1 Bf7 22. a4 Rfd8 23. Nf3 Bc5 24. Qe2 Bb4 25. Qe3 c5 26. Rxd7 Rxd7 27. Re2 c4
28. Nd2 Qe5 29. Ncb1 cxb3 30. Nxb3 Rd1+ 31. Qg1 Rxg1+ 32. Kxg1 0-1

[Event "C.to Italiano U16"]
[Site "San Nicola Arcella ITA"]
[Date "2004.07.08"]
[Round "7"]
[White "Sansone, Dario"]
[Black "Di Meglio, Giovanni"]
[Result "1/2-1/2"]
[WhiteElo "1655"]
[BlackElo "1458"]
[PlyCount "20"]
[EventDate "2004.07.04"]

1. d4 g6 2. e4 Bg7 3. Nf3 c6 4. Nc3 d5 5. Be2 Bg4 6. Be3 e6 7. O-O Nh6 8. Qd2
dxe4 9. Nxe4 Nf5 10. c3 O-O 1/2-1/2

[Event "C.to Italiano U16"]
[Site "San Nicola Arcella ITA"]
[Date "2004.07.08"]
[Round "7"]
[White "Scollo, Eros"]
[Black "Cassi, Matteo"]
[Result "0-1"]
[WhiteElo "1560"]
[BlackElo "1503"]
[PlyCount "44"]
[EventDate "2004.07.04"]

1. d4 d5 2. c4 e6 3. Nc3 Nf6 4. Bg5 Nbd7 5. Nf3 Be7 6. e3 O-O 7. Bd3 b6 8. O-O
Bb7 9. Rc1 Rc8 10. Bb1 c5 11. Qc2 cxd4 12. exd4 g6 13. h4 Rxc4 14. Ne5 Nxe5 15.
dxe5 Ne4 16. Bh6 Re8 17. h5 Bg5 18. hxg6 hxg6 19. Bxg5 Qxg5 20. Rfe1 Nxc3 21.
bxc3 d4 22. Qd3 Qxg2# 0-1

[Event "C.to Italiano U16"]
[Site "San Nicola Arcella ITA"]
[Date "2004.07.08"]
[Round "7"]
[White "Spataro, Enrico"]
[Black "Visentin, Daniele"]
[Result "1/2-1/2"]
[WhiteElo "1670"]
[BlackElo "1560"]
[PlyCount "116"]
[EventDate "2004.07.04"]

1. e4 d6 2. d4 Nf6 3. Nc3 g6 4. Nf3 Bg7 5. Be2 O-O 6. O-O Bg4 7. Be3 Nbd7 8.
Qd2 c5 9. Rad1 a6 10. h3 Bxf3 11. Bxf3 Qc7 12. dxc5 dxc5 13. Bf4 Ne5 14. Be2
Rad8 15. Qe3 e6 16. Bg5 Rxd1 17. Rxd1 Nfd7 18. f4 Nc6 19. e5 Nb4 20. Rd2 Nb6
21. Ne4 N4d5 22. Qxc5 Qxc5+ 23. Nxc5 Rb8 24. c4 Ne3 25. b3 Bf8 26. Ne4 Nf5 27.
Rd8 Rxd8 28. Bxd8 Nd7 29. Nf6+ Nxf6 30. Bxf6 Bc5+ 31. Kh2 h5 32. g4 hxg4 33.
hxg4 Nh6 34. Bg5 Kg7 35. Bh4 Be3 36. Kg3 Bd2 37. Kf3 Ng8 38. Bf2 Ne7 39. Be3
Bc3 40. Kf2 f6 41. exf6+ Bxf6 42. Bf3 Nc6 43. Bxc6 bxc6 44. a4 Bc3 45. Kf3 Kf6
46. Ke4 Kf7 47. Bd4 Bb4 48. Be5 Ke7 49. Bd4 c5 50. Bb2 Ba5 51. Bg7 Bc7 52. Bc3
a5 53. Be5 Bd8 54. g5 Kd7 55. Bb8 Bb6 56. Ke5 Ke7 57. Bd6+ Kf7 58. Ke4 Ke8
1/2-1/2

[Event "C.to Italiano U16"]
[Site "San Nicola Arcella ITA"]
[Date "2004.07.08"]
[Round "7"]
[White "Vasile, Catalin"]
[Black "Castellano, Fabio Marco"]
[Result "1-0"]
[WhiteElo "1739"]
[BlackElo "1946"]
[PlyCount "38"]
[EventDate "2004.07.04"]

1. e4 c5 2. Nf3 d6 3. d4 cxd4 4. Nxd4 Nf6 5. Nc3 a6 6. Be2 e5 7. Nb3 Be7 8. Be3
Be6 9. f3 Nbd7 10. O-O Nb6 11. g4 h6 12. Qe1 d5 13. exd5 Nbxd5 14. Rd1 Qc7 15.
Bf2 Nf4 16. Bg3 N6d5 17. Nxd5 Nxd5 18. Bxe5 Qxc2 19. Bxg7 Rh7 1-0

[Event "C.to Italiano U16"]
[Site "San Nicola Arcella ITA"]
[Date "2004.07.08"]
[Round "7"]
[White "Xia, Jie"]
[Black "Vocaturo, Daniele"]
[Result "0-1"]
[WhiteElo "2126"]
[BlackElo "2221"]
[PlyCount "70"]
[EventDate "2004.07.04"]

1. e4 c5 2. Nf3 d6 3. d4 cxd4 4. Nxd4 Nf6 5. Nc3 g6 6. Be3 Bg7 7. f3 O-O 8. Qd2
Nc6 9. Bc4 Bd7 10. h4 Qa5 11. O-O-O Rfc8 12. Bb3 Ne5 13. h5 Rxc3 14. Qxc3 Qxc3
15. bxc3 Nxh5 16. Ne2 a5 17. a3 Rc8 18. Kb2 a4 19. Ba2 Bb5 20. Nd4 Bc4 21. Nf5
gxf5 22. Rxh5 Bxa2 23. Kxa2 Rxc3 24. Bh6 Bxh6 25. Rxh6 fxe4 26. Kb2 Re3 27. Rd4
exf3 28. gxf3 b5 29. Rdh4 Nc4+ 30. Kb1 Nxa3+ 31. Kc1 Nc4 32. Kd1 a3 33. Rxh7 a2
34. Rh8+ Kg7 35. R4h7+ Kf6 0-1

[Event "C.to Italiano U16 femminile"]
[Site "San Nicola Arcella ITA"]
[Date "2004.07.08"]
[Round "7"]
[White "De Rosa, Mariagrazia"]
[Black "Castellano, Fulvia"]
[Result "1-0"]
[WhiteElo "2124"]
[BlackElo "1772"]
[PlyCount "59"]
[EventDate "2004.07.04"]

1. e4 e6 2. d4 d5 3. e5 c5 4. c3 Qb6 5. Nf3 Bd7 6. a3 Bb5 7. Bxb5+ Qxb5 8. b4
cxd4 9. cxd4 Nd7 10. Nc3 Qc6 11. Na4 Nb6 12. Nc5 Nc4 13. O-O a5 14. Bd2 b6 15.
Nd3 a4 16. Nfe1 f6 17. exf6 gxf6 18. Qh5+ Ke7 19. b5 Qe8 20. Bb4+ Kd7 21. Qe2
Bxb4 22. Nxb4 Ne7 23. Ned3 Qb8 24. Rfe1 Qd6 25. Nf4 e5 26. Nfxd5 Nxd5 27. Qxc4
Nxb4 28. dxe5 Qc5 29. Qf7+ Qe7 30. Rad1+ 1-0

[Event "C.to Italiano U16 femminile"]
[Site "San Nicola Arcella ITA"]
[Date "2004.07.08"]
[Round "7"]
[White "Lai, Silvia"]
[Black "Palmitessa, Irene"]
[Result "1-0"]
[WhiteElo "1688"]
[BlackElo "1700"]
[PlyCount "61"]
[EventDate "2004.07.04"]

1. e4 e5 2. Nf3 Nc6 3. Bc4 Bc5 4. Nc3 Nf6 5. d3 h6 6. a3 d6 7. Be3 Bb6 8. Bxb6
axb6 9. h3 Na5 10. Ba2 Qe7 11. Qe2 Nc6 12. O-O O-O 13. Rad1 Na7 14. Nh2 Bd7 15.
f4 Nb5 16. Nxb5 Bxb5 17. f5 Nh7 18. Rf3 Kh8 19. Rg3 Qh4 20. Qg4 Qxg4 21. Rxg4
Nf6 22. Rh4 Kh7 23. Nf3 Be8 24. g4 Nd7 25. g5 Nc5 26. Kf2 Na4 27. Rg1 f6 28.
g6+ Kh8 29. Rxh6+ gxh6 30. g7+ Kh7 31. gxf8=Q 1-0

[Event "C.to Italiano U16 femminile"]
[Site "San Nicola Arcella ITA"]
[Date "2004.07.08"]
[Round "7"]
[White "Musa, Valeria"]
[Black "Sclippa, Federica"]
[Result "1-0"]
[WhiteElo "1616"]
[BlackElo "1580"]
[PlyCount "69"]
[EventDate "2004.07.04"]

1. e4 c5 2. Nf3 d6 3. d4 cxd4 4. Nxd4 Nf6 5. Nc3 e6 6. f3 Be7 7. Bb5+ Bd7 8.
Bxd7+ Nbxd7 9. Be3 Qb6 10. Rb1 e5 11. Nf5 Qd8 12. O-O Bf8 13. Nxd6+ Bxd6 14.
Qxd6 Qb8 15. Qxb8+ Rxb8 16. Bxa7 Rd8 17. Rbd1 b6 18. Nb5 Rc8 19. Nd6+ Kd8 20.
Nxc8 Kxc8 21. g4 Rd8 22. g5 Nh5 23. Rd2 f6 24. Rfd1 Kc7 25. Kg2 g6 26. Bxb6+
Kxb6 27. Rxd7 Rc8 28. R7d6+ Kb7 29. Rd7+ Kb6 30. c3 Rf8 31. R1d6+ Kc5 32. b4+
Kc4 33. Rc7+ Kb5 34. Rc5+ Ka4 35. Ra5# 1-0

[Event "C.to Italiano U16 femminile"]
[Site "San Nicola Arcella ITA"]
[Date "2004.07.08"]
[Round "7"]
[White "Panella, Fiammetta"]
[Black "Lomakina, Nadya"]
[Result "1-0"]
[WhiteElo "1954"]
[BlackElo "1751"]
[PlyCount "73"]
[EventDate "2004.07.04"]

1. e4 c5 2. Nf3 Nc6 3. d4 cxd4 4. Nxd4 d6 5. Nc3 Nf6 6. f4 a6 7. a4 e6 8. Nf3
Be7 9. Bd3 Qc7 10. O-O Nb4 11. Kh1 O-O 12. Qe1 Nd7 13. Be3 Bf6 14. Qg3 g6 15.
Rad1 Bxc3 16. bxc3 Qxc3 17. Bd4 Qc7 18. Qg5 Nc6 19. Bb2 e5 20. f5 Qd8 21. Qh6
Qf6 22. fxg6 Qxg6 23. Qe3 Nc5 24. Nh4 Qg7 25. Nf5 Bxf5 26. Rxf5 f6 27. Bc4+ Kh8
28. Rxd6 Nxa4 29. Ba3 Ne7 30. Rf3 Ng6 31. Rd1 Rac8 32. Bxf8 Qxf8 33. Bb3 Rc3
34. Qf2 Nb2 35. Rb1 Rxf3 36. Qxf3 Qb4 37. Qxf6# 1-0

[Event "C.to Italiano U16 femminile"]
[Site "San Nicola Arcella ITA"]
[Date "2004.07.09"]
[Round "8"]
[White "Lomakina, Nadya"]
[Black "Musa, Valeria"]
[Result "1-0"]
[WhiteElo "1751"]
[BlackElo "1616"]
[PlyCount "107"]
[EventDate "2004.07.04"]

1. d4 d5 2. Nf3 c6 3. Bf4 Nf6 4. e3 Nbd7 5. Nbd2 e6 6. Bd3 Be7 7. O-O O-O 8. h3
Re8 9. c4 dxc4 10. Nxc4 b5 11. Nce5 Bb7 12. Rc1 Rc8 13. Qe2 a6 14. Rfd1 Nxe5
15. Nxe5 Bd6 16. Bg5 Be7 17. a3 Nd7 18. Bxe7 Rxe7 19. Nxd7 Rxd7 20. Rc5 Rd5 21.
Rdc1 h6 22. Be4 Rxc5 23. Rxc5 f5 24. Bf3 Rc7 25. Qc2 Qd6 26. b4 g5 27. g4 f4
28. Qg6+ Rg7 29. Qe8+ Qf8 30. Qxf8+ Kxf8 31. exf4 Rf7 32. Bxc6 Bxc6 33. Rxc6
Rxf4 34. Rxe6 Kg7 35. d5 Rd4 36. d6 Kf7 37. Rxh6 Ke8 38. Rg6 Kd7 39. Rxg5 Rxd6
40. Re5 Rd3 41. Re3 Rd4 42. Kg2 Kd6 43. Kg3 Kd5 44. h4 Re4 45. Rxe4 Kxe4 46. h5
Ke5 47. h6 Kf6 48. g5+ Kg6 49. f4 Kh7 50. f5 Kh8 51. g6 Kg8 52. f6 Kh8 53. f7
a5 54. f8=Q# 1-0

[Event "C.to Italiano U16 femminile"]
[Site "San Nicola Arcella ITA"]
[Date "2004.07.09"]
[Round "8"]
[White "Panella, Fiammetta"]
[Black "Lai, Silvia"]
[Result "1-0"]
[WhiteElo "1954"]
[BlackElo "1688"]
[PlyCount "69"]
[EventDate "2004.07.04"]

1. e4 d5 2. exd5 Qxd5 3. Nc3 Qa5 4. d4 c6 5. h3 Bf5 6. Nf3 e6 7. Bc4 h6 8. Bd2
Qc7 9. Bb3 Nf6 10. Qe2 Be7 11. O-O Nbd7 12. Rfe1 Nb6 13. Ne5 O-O 14. Nd1 Rad8
15. c3 c5 16. Bf4 Qc8 17. g4 Bh7 18. Nxf7 c4 19. Nxd8 Bxd8 20. Bc2 Bxc2 21.
Qxc2 Qc6 22. Bg3 Nbd5 23. Qe2 Re8 24. Ne3 Nc7 25. Qxc4 Qd7 26. Rad1 Ne4 27. Nf1
Nf6 28. Qd3 Ncd5 29. Ne3 Nb6 30. Nc4 Nbd5 31. Ne5 Qa4 32. c4 Nb6 33. Qb3 Qa5
34. Ng6 Qg5 35. Nf4 1-0

[Event "VII Weekend B"]
[Site "Padova ITA"]
[Date "2004.12.11"]
[Round "1"]
[White "Basset, Sergio"]
[Black "Mosca, Giulia"]
[Result "0-1"]
[WhiteElo "1790"]
[BlackElo "1590"]
[PlyCount "116"]
[EventDate "2004.12.11"]

1. d4 d5 2. c4 e6 3. Nc3 Nf6 4. Bg5 Be7 5. e3 Nbd7 6. Nf3 O-O 7. Rc1 c6 8. a3
Ne4 9. Bxe7 Qxe7 10. Bd3 Nxc3 11. Rxc3 Nf6 12. O-O Ne4 13. Rc1 Ng5 14. b4 Nxf3+
15. Qxf3 dxc4 16. Rxc4 Rd8 17. Rc5 Bd7 18. Rfc1 Rac8 19. Qe2 h6 20. h3 Qd6 21.
Qb2 Rc7 22. Qb3 Rdc8 23. Bb1 Be8 24. Qd3 g6 25. Qe4 b6 26. R5c3 c5 27. dxc5
bxc5 28. Qc2 c4 29. Ba2 Qa6 30. Qe4 Bb5 31. Qf4 Kh7 32. Qe5 Qc6 33. Rd1 Rd7 34.
Rd4 Rxd4 35. Qxd4 Qc7 36. Qf4 Qxf4 37. exf4 Kg7 38. Kf1 Kf6 39. Ke2 Kf5 40. Ke3
e5 41. Bb1+ Ke6 42. fxe5 Kxe5 43. f4+ Ke6 44. Be4 f5 45. Bf3 Rd8 46. Be2 Rc8
47. Kd4 Rd8+ 48. Ke3 Rc8 49. g4 a6 50. Bf3 Rd8 51. Be2 Rc8 52. Kf2 Kd5 53. Ke3
Re8+ 54. Kd2 Kd4 55. gxf5 gxf5 56. Bd1 Re4 57. a4 Bd7 58. Be2 Rxe2+ 0-1

[Event "VII Weekend B"]
[Site "Padova ITA"]
[Date "2004.12.11"]
[Round "1"]
[White "Bassetto, Silvano"]
[Black "Negro, Raffaele"]
[Result "0-1"]
[WhiteElo "1535"]
[BlackElo "1775"]
[PlyCount "124"]
[EventDate "2004.12.11"]

1. e4 d6 2. Nc3 Nf6 3. Nf3 Bg4 4. Be2 e6 5. d4 c6 6. O-O d5 7. exd5 Bxf3 8.
Bxf3 cxd5 9. Bg5 Be7 10. Re1 O-O 11. a3 Nc6 12. Bf4 a6 13. Ne2 b5 14. c3 Na5
15. Nc1 Nc4 16. Qc2 Bd6 17. Bxd6 Nxd6 18. Nd3 Nde4 19. Ne5 Qc7 20. Qc1 Rab8 21.
Qc2 Rfc8 22. Ra2 Nd6 23. Be2 a5 24. Rea1 a4 25. Bd3 Nfe4 26. f3 Nf6 27. Qe2 Nh5
28. Qc2 g6 29. Bf1 Qe7 30. Qd2 Nc4 31. Bxc4 bxc4 32. g3 Rb3 33. Rf1 Rc7 34. Qe1
f6 35. Ng4 Rcb7 36. Rf2 R7b6 37. Re2 Ng7 38. Nh6+ Kf8 39. Ng4 h5 40. Ne3 Qb7
41. Qc1 Ne8 42. Nd1 Kg7 43. Ne3 Nd6 44. Nd1 Nb5 45. Kg2 g5 46. Ne3 Kf7 47. Qe1
Qc7 48. Nc2 Qd6 49. Nb4 Na7 50. Qd1 Kg7 51. Qe1 Kf7 52. Qb1 f5 53. Qe1 Kf6 54.
Ra1 Nc6 55. Nxc6 Qxc6 56. Rb1 Qb7 57. Qc1 Rxa3 58. h4 gxh4 59. Qh6+ Ke7 60.
Qg5+ Kd7 61. Qg7+ Kc8 62. Qf8+ 62... Kc7 {...} 0-1

[Event "VII Weekend B"]
[Site "Padova ITA"]
[Date "2004.12.11"]
[Round "1"]
[White "Benedetti, Maurizio"]
[Black "Simioni, Tiziano"]
[Result "0-1"]
[WhiteElo "1523"]
[BlackElo "1763"]
[PlyCount "67"]
[EventDate "2004.12.11"]

1. e4 e6 2. d4 d5 3. Nd2 Nf6 4. e5 Nfd7 5. Bd3 c5 6. c3 Nc6 7. Ne2 Qb6 8. Nf3
Be7 9. O-O f5 10. Nf4 Nf8 11. Re1 Bd7 12. Bc2 cxd4 13. cxd4 g5 14. Nxg5 O-O-O
15. Nf7 Ng6 16. Nxh8 Rxh8 17. Nxg6 hxg6 18. Ba4 Nxd4 19. Bxd7+ Kxd7 20. Be3 Bc5
21. Qa4+ Nc6 22. Bxc5 Qxc5 23. Rac1 Qd4 24. Qxd4 Nxd4 25. h3 g5 26. Kf1 f4 27.
Rc3 Nc6 28. Rec1 Rb8 29. g3 Nxe5 30. gxf4 gxf4 31. h4 Nc6 32. h5 e5 33. h6 e4
34. h7 {...} 0-1

[Event "VII Weekend B"]
[Site "Padova ITA"]
[Date "2004.12.11"]
[Round "1"]
[White "Canazza, Alessandro"]
[Black "Cestonaro, Federico"]
[Result "1-0"]
[WhiteElo "1775"]
[BlackElo "1535"]
[PlyCount "79"]
[EventDate "2004.12.11"]

1. g3 Nf6 2. Bg2 e5 3. d3 Bc5 4. e4 d6 5. Ne2 Nc6 6. c3 Bg4 7. h3 Bh5 8. Nd2
O-O 9. O-O Re8 10. Kh2 d5 11. Qe1 dxe4 12. dxe4 Qd3 13. g4 Bg6 14. Ng3 Rad8 15.
Nb3 Bb6 16. Bg5 Qc2 17. Bxf6 gxf6 18. Rb1 Rd6 19. Qc1 Qxc1 20. Rbxc1 Red8 21.
f3 Be3 22. Rc2 h6 23. Re1 Bf4 24. Bf1 h5 25. Kg2 hxg4 26. hxg4 Kg7 27. Bb5 Ne7
28. Nf1 f5 29. exf5 Bh7 30. Nc5 Rb6 31. Ba4 Bg8 32. Bb3 Nc6 33. Ne4 Na5 34. Ba4
f6 35. b4 Nc4 36. Bb3 Na3 37. Rb2 Nc4 38. Rbb1 Na3 39. Rbd1 Bxb3 40. axb3 1-0

[Event "VII Weekend B"]
[Site "Padova ITA"]
[Date "2004.12.11"]
[Round "1"]
[White "Carraro, Antonio"]
[Black "Rodeghiero, Andrea"]
[Result "0-1"]
[WhiteElo "1613"]
[BlackElo "1799"]
[PlyCount "52"]
[EventDate "2004.12.11"]

1. e4 c5 2. Nf3 Nf6 3. Nc3 d5 4. exd5 Nxd5 5. Bb5+ Nc6 6. Ne4 Qb6 7. Bxc6+ Qxc6
8. d3 Bg4 9. a3 g6 10. h3 Bxf3 11. Qxf3 Bg7 12. O-O O-O 13. c3 f5 14. Nd2 e5
15. Re1 Rad8 16. Nc4 e4 17. dxe4 fxe4 18. Qxe4 Rfe8 19. Na5 Rxe4 20. Nxc6 Rxe1+
21. Kh2 bxc6 22. Bg5 Rxa1 23. Bxd8 Be5+ 24. g3 Ra2 25. c4 Nb6 26. Bxb6 axb6 0-1

[Event "VII Weekend B"]
[Site "Padova ITA"]
[Date "2004.12.11"]
[Round "1"]
[White "Casciello, Dimitri"]
[Black "Sanavio, Giancarlo"]
[Result "1-0"]
[WhiteElo "1856"]
[BlackElo "1685"]
[PlyCount "82"]
[EventDate "2004.12.11"]

1. e4 d5 2. Nc3 dxe4 3. Nxe4 Nc6 4. Nf3 Nf6 5. Nxf6+ gxf6 6. d4 Bf5 7. Bb5 a6
8. Bxc6+ bxc6 9. Bf4 e6 10. c3 Bd6 11. Qd2 Rb8 12. b4 Qe7 13. O-O Be4 14. Ne1
Rg8 15. f3 Bd5 16. Nc2 e5 17. Rae1 Kd7 18. dxe5 fxe5 19. Bxe5 Bxe5 20. c4 Bxh2+
21. Kxh2 Qh4+ 22. Kg1 Qxc4 23. a3 Rbe8 24. Ne3 Qf4 25. Qd3 Rg5 26. Nxd5 Rxd5
27. Qc3 Rxe1 28. Rxe1 Qd4+ 29. Qe3 Qxe3+ 30. Rxe3 a5 31. bxa5 Rxa5 32. Rd3+ Ke6
33. Kf2 Ke5 34. Ke3 c5 35. f4+ Ke6 36. g4 c4 37. Rc3 h5 38. gxh5 Rxh5 39. Ke4
Rc5 40. Kd4 Ra5 41. Kxc4 41... Ra4+ {...} 1-0